000 00695nam a2200193 a 4500
001 000029937
005 20200930055925.0
008 110427s1985 dr a r 000 0 spa d
040 _aDO-SdBNP
_bspa
_cBNPHU
082 _axxxx
_bP592g
100 1 _aPichardo, José M.
_956678
245 1 0 _aGallos y galleros /
_cJosé M. Pichardo ; ilustraciones de Guillo Pérez ; edición al cuidado de Pilar Soto de Rainieri.
260 _aSanto Domingo :
_bSociedad Dominicana de Bibliófilos,
_c1985.
300 _a152 p. :
_bil. ;
_c20 cm.
490 1 _aCultura dominicana
_v56
700 1 _aPérez, Guillo
_918631
700 1 _aSoto de Rainieri, Pilar
_eed.
_956679
830 0 _aCultura dominicana
_n56
_956680
999 _c29429
_d29429